000 00318nam a2200133Ia 4500
008 231017s9999 xx 000 0 und d
082 _a388.32421
082 _bLUS
245 0 _aAlternatives to Weight Tolerance Permits
245 0 _cDavid L. Luskin
260 _bDavid L. Luskin
300 _c30cm
942 _cREP
999 _c604124
_d604124